000 00741nam a22002177a 4500
003 UA-OsUOA
001 80687
007 ta
008 20111222b un ||||| |||| 00| 0 ukr d
100 _aРуди Е.В.
090 _a81
_bР83
942 _cSA
040 _aUA-OsUOA
_bukr
_cUA-OsUOA
_dUA-OsUOA
245 _aЛингвистический статус этикетных речевых актов в современном немецком языке
300 _aС.34-38
955 _a0
041 _aukr
080 _a81
773 0 _w80684
_tВопросы филологических наук
_dМ.
_d2011
_g5
650 7 _a8 Мовознавство. Художня література. Літературознавство
_2UDC
999 _c366995
_d366995